000 00796nam a2200229Ii 4500
003 JO-AjNU
008 230605s9999||||xx |||||||||||||| ||und||
017 _a2012/2/587
020 _a9957-71-253-2
040 _aJO-AjNU
_bara
_erda
_cJO-AjNU
041 _aara
050 1 4 _aPJ7507 2013
100 3 _aعودة، أحمد عبد الحميد(هشام عودة),
_eauthor
_950547
245 0 0 _aالكتابة بلا انقطاع سامي مهدي يتحدث
250 _aط1
264 3 1 _aعمان: دار دجلة ناشرون وموزعون، 2013
300 _a139ص
336 _atext
_btxt
_2rdacontent
337 _aunmediated
_bn
_2rdamedia
338 _avolume
_bnc
_2rdacarrier
650 4 _aسامي مهدي-الكتابة بلا انقطاع سامي مهدي يتحدث
_950548
999 _aA22273
_c25841
_d25841